<?xml version="1.0" encoding="UTF-8"?><?xml-stylesheet type="text/xsl" href="static/style.xsl"?><OAI-PMH xmlns="http://www.openarchives.org/OAI/2.0/" xmlns:xsi="http://www.w3.org/2001/XMLSchema-instance" xsi:schemaLocation="http://www.openarchives.org/OAI/2.0/ http://www.openarchives.org/OAI/2.0/OAI-PMH.xsd"><responseDate>2026-04-27T22:09:54Z</responseDate><request verb="GetRecord" identifier="oai:uvadoc.uva.es:10324/6965" metadataPrefix="marc">https://uvadoc.uva.es/oai/request</request><GetRecord><record><header><identifier>oai:uvadoc.uva.es:10324/6965</identifier><datestamp>2021-06-29T10:13:36Z</datestamp><setSpec>com_10324_38</setSpec><setSpec>col_10324_852</setSpec></header><metadata><record xmlns="http://www.loc.gov/MARC21/slim" xmlns:doc="http://www.lyncode.com/xoai" xmlns:xsi="http://www.w3.org/2001/XMLSchema-instance" xmlns:dcterms="http://purl.org/dc/terms/" xsi:schemaLocation="http://www.loc.gov/MARC21/slim http://www.loc.gov/standards/marcxml/schema/MARC21slim.xsd">
<leader>00925njm 22002777a 4500</leader>
<datafield tag="042" ind1=" " ind2=" ">
<subfield code="a">dc</subfield>
</datafield>
<datafield tag="720" ind1=" " ind2=" ">
<subfield code="a">Quirce Vázquez, Marco</subfield>
<subfield code="e">author</subfield>
</datafield>
<datafield tag="260" ind1=" " ind2=" ">
<subfield code="c">2014</subfield>
</datafield>
<datafield tag="520" ind1=" " ind2=" ">
<subfield code="a">La conflictividad que encontramos en los centros educativos debe ser atajada desde sus primeras manifestaciones, con la intención de evitar que este problema se enquiste y produzca un empeoramiento del ambiente en los colegios. Debemos considerar al alumnado como la materia prima dentro del trabajo para la resolución de conflictos, realizando intervenciones que ayuden a mejorar su estancia en el centro y su relación con los compañeros. El dialogo debe ser nuestra principal herramienta a la hora de intervenir, utilizando planteamientos democráticos que nos permitan acercarnos al alumnado y ganar su confianza. Los maestros y maestras deben ser los primeros en detectar situaciones de violencia y su contacto directo con los niños y niñas les permitirá intervenir de forma inmediata, pero sin olvidar la importancia del resto del profesorado, los equipos directivos y las instituciones educativas, los cuales juegan un papel trascendental en la educación para la paz que pretendemos.</subfield>
</datafield>
<datafield tag="024" ind2=" " ind1="8">
<subfield code="a">http://uvadoc.uva.es/handle/10324/6965</subfield>
</datafield>
<datafield ind1=" " ind2=" " tag="653">
<subfield code="a">Gestión de conflictos</subfield>
</datafield>
<datafield ind1=" " ind2=" " tag="653">
<subfield code="a">Educación Preescolar</subfield>
</datafield>
<datafield tag="245" ind1="0" ind2="0">
<subfield code="a">La Educación Infantil en Castilla y León: la conflictividad en las aulas de un colegio palentino como ejemplo</subfield>
</datafield>
</record></metadata></record></GetRecord></OAI-PMH>